Historic churches (Record no. 115517)

MARC details
000 -LEADER
fixed length control field 02014cam a22004455a 4500
001 - CONTROL NUMBER
control field e158816
008 - FIXED-LENGTH DATA ELEMENTS--GENERAL INFORMATION
fixed length control field 100119s2010 xxko f 001 0 eng d
020 ## - INTERNATIONAL STANDARD BOOK NUMBER
International Standard Book Number 9781900915526
035 ## - SYSTEM CONTROL NUMBER
System control number (Sirsi) u158816
041 0# - LANGUAGE CODE
Language code of text/sound track or separate title eng
050 04 - LIBRARY OF CONGRESS CALL NUMBER
Classification number 690.241 $2 18
110 2# - MAIN ENTRY--CORPORATE NAME
Corporate name or jurisdiction name as entry element Cathedral Communications Limited
9 (RLIN) 3087
245 00 - TITLE STATEMENT
Title Historic churches
Remainder of title the conservation and repair of ecclesiastical buildings
Medium [electronic resource]
250 ## - EDITION STATEMENT
Edition statement 17th ed.
260 ## - PUBLICATION, DISTRIBUTION, ETC.
Place of publication, distribution, etc. Tisbury
Name of publisher, distributor, etc. Cathedral Communications
Date of publication, distribution, etc. 2010
300 ## - PHYSICAL DESCRIPTION
Extent 56p.
Other physical details col. ill.
Dimensions 30cm.
490 #0 - SERIES STATEMENT
Series statement Building Conservation Directory Special Report
505 2# - FORMATTED CONTENTS NOTE
Formatted contents note Reformation, iconoclasm and restoration -- Historic church preservation in the US -- Necessary protection or undue interference? -- Making the most of quinquennials -- Protecting lead roofs from theft -- The limits of lime -- Seeing and believing -- Northern lights -- John Coates Carter -- Mind the gap -- Organ builders & restorers map -- Useful addresses -- Products and services -- Index of advertisers
520 ## - SUMMARY, ETC.
Summary, etc. Discusses issues, building techniques and materials relevant to the conservation and repair of churches. Includes a directory of useful organisations, products and services.
521 2# - TARGET AUDIENCE NOTE
Target audience note Advanced
590 ## - LOCAL NOTE (RLIN)
Local note KA
651 #4 - SUBJECT ADDED ENTRY--GEOGRAPHIC NAME
Geographic name United Kingdom
Chronological subdivision
690 ## - LOCAL SUBJECT ADDED ENTRY--TOPICAL TERM (OCLC, RLIN)
Topical term or geographic name as entry element BUILT ENVIRONMENT-BUILDING MAINTENANCE AND REFURBISHMENT-BUILDING RESTORATION
700 1# - ADDED ENTRY--PERSONAL NAME
Personal name Brown, Sarah
9 (RLIN) 6070
700 1# - ADDED ENTRY--PERSONAL NAME
Personal name Forrest, Tuomi Joshua
700 1# - ADDED ENTRY--PERSONAL NAME
Personal name Cowley, Page
700 1# - ADDED ENTRY--PERSONAL NAME
Personal name MacKechnie-Jarvis, Jonathan
700 1# - ADDED ENTRY--PERSONAL NAME
Personal name Livesey, Jon
700 1# - ADDED ENTRY--PERSONAL NAME
Personal name Harding, Paul
700 1# - ADDED ENTRY--PERSONAL NAME
Personal name Giles, Kate
700 1# - ADDED ENTRY--PERSONAL NAME
Personal name Masinton, Anthony
700 1# - ADDED ENTRY--PERSONAL NAME
Personal name Arnott, Geoff
700 1# - ADDED ENTRY--PERSONAL NAME
Personal name Metcalfe-Gibson, Jemma
700 1# - ADDED ENTRY--PERSONAL NAME
Personal name Phil, Thomas
700 1# - ADDED ENTRY--PERSONAL NAME
Personal name Boulting, David
700 1# - ADDED ENTRY--PERSONAL NAME
Personal name Taylor, Jonathan
710 2# - ADDED ENTRY--CORPORATE NAME
Corporate name or jurisdiction name as entry element Building Conservation Directory
9 (RLIN) 3988
856 41 - ELECTRONIC LOCATION AND ACCESS
Uniform Resource Identifier <a href="https://www.buildingconservation.com/articles/allarticles.htm">https://www.buildingconservation.com/articles/allarticles.htm</a>
Public note View the articles at www.buildingconservation.com
942 ## - ADDED ENTRY ELEMENTS (KOHA)
Suppress in OPAC 0
Source of classification or shelving scheme Dewey Decimal Classification
Holdings
Withdrawn status Lost status Source of classification or shelving scheme Damaged status Not for loan Home library Current library Shelving location Date acquired Total Checkouts Full call number Barcode Date last seen Copy number Price effective from Koha item type
    Dewey Decimal Classification     London London Folio 29/07/2015   F690.241 BUI 30078932 06/08/2019 1 06/08/2019 Book
    Dewey Decimal Classification     Virtual Virtual Online 29/07/2015   ONLINE PUBLICATION 158816-2001 06/08/2019 1 06/08/2019 Book